Kwazulu-natal business directory 2010/2011.
| Format: | Book |
|---|---|
| Published: |
Pinetown:
Brabys,
2011.
|
| Edition: | 33rd ed. |
| Subjects: |
| LEADER | 00476cam a2200157 7i4500 | ||
|---|---|---|---|
| 001 | 0000026524 | ||
| 005 | 20110711090000.0 | ||
| 020 | 0 | 0 | |a 1868988244 |
| 090 | 0 | 0 | |a S.AF 338.7 |b KWA |
| 245 | 0 | 0 | |a Kwazulu-natal business directory 2010/2011. |
| 250 | 0 | 0 | |a 33rd ed. |
| 260 | 0 | 0 | |a Pinetown: |b Brabys, |c 2011. |
| 300 | # | # | |a 536p. |
| 650 | 0 | 0 | |a Business -- |x Directories -- |z Kwazulu-Natal, South Africa |
| 651 | 0 | 0 | |a South Africa |
| 999 | |a B000028652 |b Directories |c Countries |e Business Information Centre | ||


